Antiguos secretos y rituales sagrados según el arte de curar indigena
Salvato in:
| Autore principale: | |
|---|---|
| Natura: | Libro |
| Lingua: | spagnolo |
| Pubblicazione: |
Temuco
Kushe
1991
|
| Soggetti: | |
| Tags: |
Aggiungi Tag
Nessun Tag, puoi essere il primo ad aggiungerne!!
|
MARC
| LEADER | 00000nam a2200000 a 4500 | ||
|---|---|---|---|
| 001 | UCW6837 | ||
| 003 | CL-VaPUC | ||
| 008 | 920612e19910000CL |||||||||||||||||spa|d | ||
| 082 | 0 | 4 | |a 398.353 |b MOR |2 21 |
| 100 | |a Mora Penroz, Ziley |e autor |9 466515 | ||
| 245 | 1 | 0 | |a Antiguos secretos y rituales sagrados según el arte de curar indigena |
| 300 | |a v | ||
| 942 | |c BK | ||
| 945 | |d 19920612 00:00:00 | ||
| 260 | |a Temuco |b Kushe |c 1991 | ||
| 650 | 7 | |a MEDICINA POPULAR |2 CL-VaPUC |9 311908 | |
| 650 | 7 | |a MEDICINA INDIGENA |2 CL-VaPUC |9 311909 | |
| 650 | 0 | |a Araucanos |v Aspectos medicinales |9 311910 | |
| 583 | |a last modification |c 19920612 00:00:00 |k Rodrigo Vera | ||
| 999 | |c 219758 |d 219756 | ||
| 952 | |0 0 |1 0 |4 0 |6 398_353000000000000_MOR_1991 |7 0 |8 A |9 211056 |a BIBEDU |b BIBEDU |d 2019-11-15 |h v.1 |i 2793148 |o 398.353 MOR 1991 |p 2793148 |r 2019-11-15 |w 2019-11-15 |y BK |k EDU | ||